Statistiken für Geboren in Osnabrück

Klicken Sie hier um das Quiz zu spielen!

Allgemein

  • Dieses Quiz wurde 61 mal gespielt
    (28 seit der letzten Aktualisierung)
  • Das Durchschnittsergebnis liegt bei 4 aus 10

Antwortstatistiken

HinweisAntwort% Korrekt
Bundeskanzler seit 2021, früherer Bundesfinanzminister und langjähriger Bürgermeister von Hamburg1958Olaf Scholz
88%
SPD-Politiker, Bundesverteidigungsminister seit 2023 und von 2013 bis 2023 Innenminister von Niedersachsen1960Boris Pistorius
84%
Schriftsteller, "Im Westen nichts Neues"1898Erich Maria Remarque
64%
DJ und Musikproduzent, "Prayer in C" "Sugar"1987Robin Schulz
60%
CDU-Politiker, früherer Bundespräsident und Ministerpräsident von Niedersachsen1959Christian Wulff
44%
Rekordtorschütze der Handballbundesliga1983Holger Glandorf
20%
Vorsitzende des deutschen Ethikrats1977Alena Buyx
12%
Reggae Musiker,"To the Top" "Devam" "Dem Gone"1975Gentleman
12%
Journalist und Autor, von 1989 bis 2019 beim Spiegel tätig und seitdem für den Focus1962Jan Fleischhauer
4%
Vizepräsident des Bundesverfassungsgerichts von 2010 bis 20181950Ferdinand Kirchhof
0%

Verteilung der Resultate

Perzentil nach korrekt beantworteten Fragen

Anzahl Personen mit jedem Resultat

Ihre Resultats-Entwicklung

Sie haben dieses Quiz seit der letzten Aktualisierung nicht gespielt